=LDR 00000nam 2200000 4500 =001 INLIS000000000035635 =005 20201208094144 =035 ##$$a 0010-061300000035635 =008 201208################g##########0#ind## =041 ##$$a Ind =082 ##$$a 330.9 =090 ##$$a 330.9 , Me d4 =100 ##$$a Mcrae, Hamish =245 1#$$a Dunia di Tahun 2020 : $b Kekuatan,budaya dan kemakmuran /$c Hamish Mcrae; Penerjemah, Anton Adiwiyoto =260 ##$$a Jakarta :$b Binarupa aksara,$c 1995 =650 #4$$a Ekonomi =850 ##$$a NBPNMAT =084 ##$$a 330.9 MCR d =300 ##$$a xiii, 322 hlm ; $c 23 x 16 cm =990 ##$$a 21011783 =990 ##$$a 21011782 =990 ##$$a 21011781 =990 ##$$a 21011784